|
|
|
|
| LEADER |
00000nab a2200000 a 4500 |
| 001 |
vtls010502568 |
| 003 |
SK-MaSNL |
| 005 |
20260303201400.0 |
| 008 |
130409 2013xo m 000 0 slo |
| 015 |
|
|
|a SNKBRB 2013/04
|
| 038 |
|
|
|a KEKMK
|
| 040 |
|
|
|a KEKMK
|b slo
|c KEKMK
|e AACR2
|
| 041 |
|
|
|a slo
|
| 044 |
|
|
|a xo
|c SK
|
| 080 |
|
|
|a 598.279.252
|2 2008
|
| 080 |
|
|
|a 599.312
|2 2008
|
| 080 |
|
|
|a 599.362
|2 2008
|
| 080 |
|
|
|a 599.365
|2 2008
|
| 080 |
|
|
|a 599.426
|2 2008
|
| 245 |
0 |
0 |
|a Vrabčekova zvieracia škola
|b neboja sa tmy
|
| 650 |
0 |
7 |
|a literatúra pre deti a mládež
|2 kekmk
|9 21893
|
| 650 |
0 |
7 |
|a sovy
|2 kekmk
|9 30654
|
| 650 |
0 |
7 |
|a jazvece
|2 kekmk
|9 51857
|
| 650 |
0 |
7 |
|a krty
|2 kekmk
|9 578315
|
| 650 |
0 |
7 |
|a ježe
|2 kekmk
|9 116955
|
| 650 |
0 |
7 |
|a netopiere
|2 kekmk
|9 26374
|
| 773 |
|
|
|t Vrabček
|g Roč. 14, č.8(apríl 2013), s.25
|x 1335-5163
|
| 958 |
|
|
|a DB
|
| 999 |
|
|
|c 2173659
|d 2175589
|